Vplyv proximálnej selektívnej vagotómie u potkana na sekrečné pomery žalúdka

Bibliographic Details
Main Authors: Černý, Ján, 1925-2000 (Author), Daniš, Ján, 1952-2010 (Author), Holecová, Katarína (Author)
Format: Article
Language:Slovak
PhysicalDescription:Obr. 2. Tb. 3. Res. rus., angl., nem., lit. 14 zázn. v slov., češ., angl., nem.
Subjects:

MARC

LEADER 00000nab a2200000 a 4500
001 vtls000181860
003 SK-MaSNL
005 20260304054233.0
008 250422c1984 xo 0 slo
015 |a SNBRB19rr/mm-uuuuu 
035 |a CL0191973 
035 |a urn:nbn:sk:snk-ab4t3 
035 |a (urnnbn)urn:nbn:sk:snk:ar-a03bkq 
035 |a (uuid)936c5e03-0141-4d35-a7b5-8fc245954d5c 
040 |a SNKBUCL  |b slo  |c SNKBUCL  |e AACR2 
041 0 |a slo 
044 |a xo  |c SK 
080 |a 612.323  |2 1981 
080 |a 616-089  |2 1981 
080 |a 57.089.6  |2 1981 
100 1 |a Černý, Ján,  |d 1925-2000  |4 aut  |9 56492 
245 1 0 |a Vplyv proximálnej selektívnej vagotómie u potkana na sekrečné pomery žalúdka  |c Ján Černý, Ján Daniš, Katarína Holecová 
300 |b Obr. 2. Tb. 3. Res. rus., angl., nem., lit. 14 zázn. v slov., češ., angl., nem. 
650 0 7 |a žalúdok  |2 snkbucl  |9 21056 
655 7 |a články z novín a časopisov  |2 snkbucl  |9 267496 
700 1 |a Daniš, Ján,  |d 1952-2010  |4 aut  |9 42015 
700 1 |a Holecová, Katarína  |4 aut  |9 1339116 
773 0 |t Bratislavské lekárske listy  |g Roč. 81, č. 3 (1984), s. 320-324 
850 |a Slovenská národná knižnica 
852 |a Slovenská národná knižnica 
954 |a odborná, vedecká literatúra pôvodná (slovenská)  |2 lita 
958 |a article27 
958 |a NB 
958 |a RK 
958 |a OND 
958 |a EUIPO 
992 |a RBX 
999 |c 2717787  |d 2719717